Quiz di culturale generale #111 - Statistics

Statistiche generali
  • Questo quiz è stato fatto 465 volte
    342 dall'ultimo reset
  • Il punteggio medio è 15 su 20
Statistiche sulle risposte
DOMANDA RISPOSTA % Corretto
Sole in inglese Sun
98%
Animale fantastico che sputa fuoco Drago
96%
La capitale svizzera Berna
95%
Vi riposano i morti (collettivamente) Cimitero
93%
Mammiferi volanti che dormono a testa all'in giù Pipistrelli
91%
L'animale sacro dell'Induismo Vacca/Mucca
87%
La regione in cui si trova Avellino Campania
86%
Antico simbolo indiano utilizzato come simbolo del Partito Nazista Svastica
85%
Stile delle colonne greche oltre al Dorico e Corinzio Ionico
80%
La lingua ufficiale del Kazakistan oltre al kazako Russo
74%
Il primo presidente americano a venir assassinato Lincoln
70%
Il santo da Norcia, creatore di un famoso ordine San/Benedetto
68%
La squadra calcistica di Reggio Emilia Reggiana
66%
Coniò la frase "Cogito ergo sum" Cartesio
64%
La chiesa che ospita il vescovo di una diocesi Cattedrale/Duomo
64%
La città in cui vive Kim Jong Un Pyongyang
63%
La nazione con più abitanti a non essersi mai qualificati al Mondiale di Calcio India
61%
Grado nobiliare superiore al conte, ma inferiore al duca Marchese
45%
Il famoso museo parigino in cui vi si possono trovare i quadri impressionisti Musee/Orsay/d'Orsay
44%
Chi fu il primo presidente americano a visitare la Cina? Nixon
28%
Nessun quiz corrispondente trovato
Distribuzione punteggi
Percentuale di utenti per punteggio
Percentile per numero di risposta
I tuoi punteggi nel tempo
Non hai fatto questo quiz dall'ultimo reset